| 000 | 00514nam a2200157Ia 4500 | ||
|---|---|---|---|
| 008 | 100122s9999 xx 000 0 und d | ||
| 082 |
_b74037 _a927.92 |
||
| 100 | _aऔरंगाबादकर अनुराधा | ||
| 245 | _aसदाबहार देव आनंद | ||
| 250 | _a1 | ||
| 260 |
_bप्रतीक प्रकाशन _c2007 |
||
| 300 | _a369 | ||
| 630 | _aसदाबहार देव आनंद | ||
| 730 | _aसदाबहार देव आनंद | ||
| 942 | _cBOOK | ||
| 999 |
_c390028 _d390025 |
||